• 首页
  • 本馆介绍
  • 公告通知
  • 最新文献
  • 馆藏检索
  • 电子资源
  • 读者导购
  • 参考咨询
  • 我的图书馆
  • 登录
  • 详细信息显示
  • 放入我的书架
  • 预约/预借图书
  • 作者相关作品
  • 分类相关作品
  • 丛书相关作品
  • 出版社相关作品

书目信息

  • 表格格式
  • 工作单格式
  • 卡片格式
题名:
动画片场景设计与镜头运用
    
 
作者: 赵前 , 何嵘 编著
分册:  
出版信息: 北京   中国人民大学出版社  2005
页数: 233页
开本: 26cm
丛书名: 21世纪经典动漫系列教材
单 册:
中图分类: J954.1
科图分类:
主题词: 动画片--制作--专业学校--教材
电子资源:
ISBN: 7-300-06440-X
000 01009oam2 2200289 45
001 0900000037628
005 20060106090159.54
010    @a7-300-06440-X@dCNY58.00
092    @aCN
100    @a20050715d2005 ekmy0chiy0120 ea
101 0  @achi
102    @aCN@b110000
105    @aa az 000yy
200 1  @a动画片场景设计与镜头运用@9dong hua pian chang jing she ji yu jing tou yun yong@f赵前,何嵘编著@Fzhao qian,he rong bian zhu
210    @a北京@c中国人民大学出版社@d2005
215    @a233页@c图@d26cm
225 2  @a21世纪经典动漫系列教材@f赵前主编
320    @a有书目:第233页
330    @a本书介绍动画片场景设计和镜头运用。采用图文并茂的形式,分析了大量国内外名家、名动画片的场景设计和镜头运用的制作流程以及技术处理手法等。
461  0 @12001 @a21世纪经典动漫系列教材
606 0  @a动画片@x制作@x专业学校@j教材
690    @aJ954.1@v4
701  0 @a赵前@Azhao qian@4编著
701  0 @a何嵘@Ahe rong@4编著
801  0 @aCN@bCXYBOOK@c20060106
905    @a10447@dJ954.1@e122
999    @aYYW@eJDD
    
    动画片场景设计与镜头运用/赵前,何嵘编著.-北京:中国人民大学出版社,2005
    233页:图;26cm.-(21世纪经典动漫系列教材/赵前主编)
    
    
    ISBN 7-300-06440-X:CNY58.00
    本书介绍动画片场景设计和镜头运用。采用图文并茂的形式,分析了大量国内外名家、名动画片的场景设计和镜头运用的制作流程以及技术处理手法等。
●
相关链接 在E读中查询图书 在五车中查询图书 在当当中查询图书 在豆瓣中查询图书


正题名:动画片场景设计与镜头运用     索取号:J954.1/122         预约/预借

序号 登录号 条形码 馆藏地/架位号 状态 备注
1 0374101   203741013   第一样本阅览室/ [索取号:J954.1/122] 在馆    
2 0374102   203741022   第一借阅区/ [索取号:J954.1/122] 在馆    
3 0374103   203741031   第一借阅区/ [索取号:J954.1/122] 在馆    
4 0374104   203741040   第一借阅区/ [索取号:J954.1/122] 在馆    
5 0374105   203741059   第一借阅区/ [索取号:J954.1/122] 在馆    
唐山师范学院图书馆 欢迎您!
大连网信软件有限公司© 版权所有